| 000 | 00368nam a22001337a 4500 | ||
|---|---|---|---|
| 999 |
_c13639 _d13639 |
||
| 020 | _a978-0-550-10072-6 | ||
| 082 |
_a423 _bBRO |
||
| 100 | _aIan Brookes Ed. | ||
| 245 | _aChambers concise Dictionary | ||
| 260 |
_aEdinburgh _bChambers Harrap Publishers _c2004 |
||
| 300 | _axiv, 1458 Pages | ||
| 650 | _aDictionary, English Dictionary, Concise Dictionary | ||
| 942 | _cBK | ||